Standards in absorption spectrometry /

Guardado en:
Autor Corporativo: Ultraviolet Spectrometry Group (Great Britain)
Otros Autores: Burgess, C (Editor , ed.), Knowles, A., (Aubrey), (Editor , ed.)
Formato: Libro
Idioma:English
Publicado: London : Chapman and Hall, c1981.
Series:Techniques in visible and ultraviolet spectrometry ; v. 1
Materias:
Etiquetas: Agregar Etiqueta
Sin Etiquetas, Sea el primero en etiquetar este registro!
LEADER 01000nam a22002415a 4500
001 EIQ.libpla000831
008 060605s1981####enka#####b####001#0#eng#d
005 20080609190935.0
245 1 0 |a Standards in absorption spectrometry /  |c Ultraviolet Spectrometry Group ; edited by C. Burgess and A. Knowles. 
260 |a London :  |b Chapman and Hall,  |c c1981. 
300 |a x, 142 p. :  |b il. ;  |c 24 cm. 
440 0 |a Techniques in visible and ultraviolet spectrometry ;  |v v. 1 
504 |a Incluye referencias bibliográficas e índice. 
020 |a 0412224704 
700 1 |a Burgess, C  |q (Christopher),  |e ed.  |4 edt 
700 1 |a Knowles, A.,  |d (Aubrey),  |e ed.  |4 edt 
650 4 |a Espectrofotómetro  |x Diseño y construcción. 
650 4 |a Espectrómetro  |x Calibración. 
650 4 |a Spectrophotometer  |x Design and construction. 
650 4 |a Spectrometer  |x Calibration. 
040 |a AR-BbSID  |b spa  |c AR-BbSID 
110 2 |a Ultraviolet Spectrometry Group (Great Britain) 
859 |a AR-BbSID  |b BIB. PLAPIQUI  |h 543.085  |i Ul 8  |p 2026